| 000 | 00343nam a2200145Ia 4500 | ||
|---|---|---|---|
| 008 | 191201s2003 xx 000 0 und d | ||
| 082 |
_a004.678 _bCOI |
||
| 100 | _aCOMER, Douglas E | ||
| 245 | 4 | _aThe Internet Book | |
| 250 | _a3rd | ||
| 260 |
_aN.Delhi _bPearson Education _c2003 |
||
| 300 | _a351 | ||
| 650 | _aB.Tech(CSE) | ||
| 942 |
_2ddc _cBK |
||
| 999 |
_c1796 _d1796 |
||